000 00839nas a2200253 4500
001 BR8102412
003 BR-BrBNA
005 20231205084658.0
007 ta
008 230509b bl.|||p| |||| 00| 00por d
040 _aBR-BrBNA
_bpor
_cBiblioteca Nacional de Agricultura
041 _a(Pt)
072 _aK20; P20
100 1 _aCastro, J.P.C. de
245 1 _aAs veredas e a sua protecao juridica o regime administrativo florestal no Brasil
246 1 _a[Paths and their juridical protection. The administrative forest regime in Brazil]
650 _aAdministracao florestal
650 _aRecurso da terra
650 _aFloresta
650 _aConservacao
773 0 _tBrasil Florestal (Brazil)
_xISSN 0045-270X
_g(Apr 1981), v. 11(46) p. 39-54
_wBR8102412
909 _a202311
_bLúcia
_c55
_dLúcia Elande
942 _2AGRIS
_n0
_cANA
999 _c106625
_d106625